The Cambridge thesaurus of American English / (Record no. 61147)

000 -LEADER
fixed length control field 01250cam a2200301 a 4500
001 - CONTROL NUMBER
control field 635622
003 - CONTROL NUMBER IDENTIFIER
control field NUST-PNEC
005 - DATE AND TIME OF LATEST TRANSACTION
control field 20170116180715.0
008 - FIXED-LENGTH DATA ELEMENTS--GENERAL INFORMATION
fixed length control field 930811s1994 enk d 000 0 eng
010 ## - LIBRARY OF CONGRESS CONTROL NUMBER
LC control number 93031878
020 ## - INTERNATIONAL STANDARD BOOK NUMBER
International Standard Book Number 052141427X
040 ## - CATALOGING SOURCE
Transcribing agency PNEC
043 ## - GEOGRAPHIC AREA CODE
Geographic area code n-us---
050 00 - LIBRARY OF CONGRESS CALL NUMBER
Classification number PE2832
Item number .L88 1994
082 00 - DEWEY DECIMAL CLASSIFICATION NUMBER
Classification number 423.1 LUT
Edition number 20
100 1# - MAIN ENTRY--PERSONAL NAME
Personal name Lutz, William.
245 14 - TITLE STATEMENT
Title The Cambridge thesaurus of American English /
Statement of responsibility, etc. William D. Lutz.
260 ## - PUBLICATION, DISTRIBUTION, ETC.
Place of publication, distribution, etc. Cambridge [England] ;
-- New York :
Name of publisher, distributor, etc. Cambridge University Press,
Date of publication, distribution, etc. 1994.
300 ## - PHYSICAL DESCRIPTION
Extent x, 515 p. ;
Dimensions 24 cm.
500 ## - GENERAL NOTE
General note http://www.amazon.com/Cambridge-Thesaurus-American-English/dp/052141427X/ref=sr_1_1?s=books&ie=UTF8&qid=1413627316&sr=1-1&keywords=052141427X
650 #0 - SUBJECT ADDED ENTRY--TOPICAL TERM
Topical term or geographic name entry element English language
Geographic subdivision United States
General subdivision Synonyms and antonyms.
-- General
650 #0 - SUBJECT ADDED ENTRY--TOPICAL TERM
Topical term or geographic name entry element Americanisms
General subdivision Dictionaries.
740 0# - ADDED ENTRY--UNCONTROLLED RELATED/ANALYTICAL TITLE
Uncontrolled related/analytical title Thesaurus of American English.
856 42 - ELECTRONIC LOCATION AND ACCESS
Materials specified Publisher description
Uniform Resource Identifier <a href="http://www.loc.gov/catdir/description/cam025/93031878.html">http://www.loc.gov/catdir/description/cam025/93031878.html</a>
906 ## - LOCAL DATA ELEMENT F, LDF (RLIN)
a 7
b cbc
c orignew
d 1
e ocip
f 19
g y-gencatlg
942 ## - ADDED ENTRY ELEMENTS (KOHA)
Source of classification or shelving scheme
Koha item type Book
Holdings
Withdrawn status Lost status Source of classification or shelving scheme Damaged status Not for loan Permanent Location Current Location Shelving location Date acquired Source of acquisition Total Checkouts Full call number Barcode Date last seen Price effective from Koha item type
          Pakistan Navy Engineering College (PNEC) Pakistan Navy Engineering College (PNEC) Reference   Pak Book Corporation   423.1 LUT PNECLIB-022342 10/18/2014   Book
© 2023 Central Library, National University of Sciences and Technology. All Rights Reserved.